000
00221nam a22001097a 4500
003
OSt
008
230127b |||||||| |||| 00| 0 eng d
041
_a
eng
082
_a
591
_b
ZOO
245
_a
Zoology collins
942
_c
BK
999
_c
17612
_d
17612